| 000 | 00847nam a22002657a 4500 | ||
|---|---|---|---|
| 001 | 3883 | ||
| 003 | FISKH | ||
| 005 | 20240521114243.0 | ||
| 008 | 240521b cb ||||| |||| 00| 0 eng d | ||
| 020 | _a1879835592 | ||
| 040 |
_aFISKH _beng _cFISKH _dFISKH |
||
| 100 |
_aGeddles, Diana E. _eauthor |
||
| 245 |
_aLet's play basketball / _cwritten by Diana E. Geddles : illustrated by Kate Salley Palmer |
||
| 250 | _aFirst edition | ||
| 260 |
_aOhio : _bKaeden Corporation ; _c1993 |
||
| 300 |
_a16 pages : _bcolor illustrations ; _c21 cm . |
||
| 505 | _aC | ||
| 520 | _aThis story is about two friends who love to play basketball. | ||
| 521 | 8 |
_a100
_bLexile estimate |
|
| 521 | 8 |
_aC
_bRaz-Plus |
|
| 650 |
_abasketball _vfiction |
||
| 700 |
_aPalmer, Kate Salley _eillustrator |
||
| 942 |
_2ddc _cBK _n0 |
||
| 999 |
_c3883 _d3883 |
||